00633nam a22002417a 450000500170000001000130001702000220003003500130005203700160006504000120008108200150009324500810010824600060018926000460019527000130024130000200025450000200027465000200029465000210031470000210033570000160035670000190037220170124110001.0 aA-948927 c00.00a0195645812 aA-948927 bCen Lib/Ret aDPLbEN a361.1bSOC aSocial suffering /cedited by Arthur Klienman, Veena das [and] Margaret Lock b  bOxford university press aCalcutta c1997 bCalcutta a404p.c21cm(Hb) aIncludes index  aSocial science  aSocial suffering aKleinman, Arthur aDas, Veena  aLock, Margaret